LDR 00812naa#a2200193#i#450# 001 RU\\bibl\119800 005 20260428100210.2 011 ## _a0320-3557 100 ## _a20260424b2026####ek#y0rusy0150####ca 102 ## _aRU 200 1# _aТАКСОНОМИЧЕСКИЙ СОСТАВ И ОБИЛИЕ МАКРОЗООБЕНТОСА ШЕКСНИНСКОГО ВОДОХРАНИЛИЩА В НАЧАЛЕ ХХI ВЕКА _eЖурнальная статья 210 1# _aБорок _cИнститут биологии внутренних вод им. И.Д. Папанина РАН _d2026 215 ## _a11 с. 608 ## _aЖурнальная статья _2local 675 ## _aБентос. 574.587 _z 700 #1 _aПерова _gС. Н. 700 #1 _aИвичева _gК. Н. 700 #1 _aФилоненко _gИ. В. 856 4# _aibiw.editorum.ru _u